Tribhuvan University Central Library

मनः मुक्तकसंग्रह. (Record no. 109487)

MARC details
000 -LEADER
fixed length control field 00599nam a22001697a 4500
008 - FIXED-LENGTH DATA ELEMENTS--GENERAL INFORMATION
fixed length control field 230530b |||||||| |||| 00| 0 eng d
020 ## - INTERNATIONAL STANDARD BOOK NUMBER
International Standard Book Number 9789937897235
041 ## - LANGUAGE CODE
Language code of text/sound track or separate title Nep.
082 ## - DEWEY DECIMAL CLASSIFICATION NUMBER
Classification number N895.511/D853m
100 ## - MAIN ENTRY--PERSONAL NAME
Personal name देउजा, रामसुन्दर
245 ## - TITLE STATEMENT
Title मनः मुक्तकसंग्रह.
260 ## - PUBLICATION, DISTRIBUTION, ETC.
Place of publication, distribution, etc. काभ्रे:
Name of publisher, distributor, etc. जनमत प्रकाशन नेपाल,
Date of publication, distribution, etc. २०७३ वि.
300 ## - PHYSICAL DESCRIPTION
Other physical details च,१०८ पृ.
650 ## - SUBJECT ADDED ENTRY--TOPICAL TERM
Topical term or geographic name entry element नेपाली साहित्य
650 ## - SUBJECT ADDED ENTRY--TOPICAL TERM
Topical term or geographic name entry element नेपाली कविता
942 ## - ADDED ENTRY ELEMENTS (KOHA)
Source of classification or shelving scheme Dewey Decimal Classification
Koha item type General Collections
Holdings
Withdrawn status Lost status Source of classification or shelving scheme Damaged status Not for loan Home library Current library Shelving location Date acquired Total Checkouts Full call number Barcode Date last seen Price effective from Koha item type
    Dewey Decimal Classification     Tribhuvan University Central Library Tribhuvan University Central Library New Building 05/30/2023   N895.511/D853m 167035 05/30/2023 05/30/2023 General Collections
    Dewey Decimal Classification     Tribhuvan University Central Library Tribhuvan University Central Library New Building 05/30/2023   N895.511/D853m 167036 05/30/2023 05/30/2023 General Collections